00263nam a2200109Ia 4500008004100000100001400041245003800055250000800093260003200101300000800133650001200141191201s2005 xx 000 0 und d aSZE, S.M. 0aPhysics for Semiconductor Devices a2nd aN. DelhibWiley Indiac2005 a868 aApplied